Vplyv na odhad výnosu DPH v ďalších rokoch
Úprava akruálneho výnosu v rokoch 2011 a 2012 a rozdiel medzi odhadom DPH na rok 2012 a aktuálnym odhadom výnosu DPH vo februári 2013. Obdobia a údaje o hotovostnom plnení použité zo štátnej pokladnice.
Gespeichert in:
| 1. Verfasser: | |
|---|---|
| Format: | Buchkapitel |
| Sprache: | Slowakisch |
| Schlagworte: | |
| Tags: |
Keine Tags, Fügen Sie das erste Tag hinzu!
|
MARC
| LEADER | 00000naa a2200000 4500 | ||
|---|---|---|---|
| 001 | 0175793 | ||
| 005 | 20240502073011.8 | ||
| 041 | 0 | |a slo | |
| 044 | |a SK | ||
| 245 | 1 | 0 | |a Vplyv na odhad výnosu DPH v ďalších rokoch |c Zuzana Neupauerová |
| 520 | |a Úprava akruálneho výnosu v rokoch 2011 a 2012 a rozdiel medzi odhadom DPH na rok 2012 a aktuálnym odhadom výnosu DPH vo februári 2013. Obdobia a údaje o hotovostnom plnení použité zo štátnej pokladnice. | ||
| 610 | 2 | 0 | |a dane z hodnoty pridanej |
| 610 | 2 | 0 | |a povinnosť daňová |
| 610 | 2 | 0 | |a obdobie zdaňovacie |
| 610 | 2 | 0 | |a výnosy daňové |
| 610 | 2 | 0 | |a odpočet dane |
| 100 | 1 | |a Neupauerová, Zuzana | |